| 000 | 00000nam 2200000za 4500 |
| 001 | 9.643274 |
| 003 | CaOODSP |
| 005 | 20240717145529 |
| 007 | cr ||||||||||| |
| 008 | 150407s2002 onc o f000 0 fre d |
| 040 | |aCaOODSP|bfre |
| 043 | |an-cn--- |
| 086 | 1 |aBT22-80/2002F-PDF |
| 110 | 1 |aCanada. |bConseil du trésor. |
| 245 | 10|aPolitique de communication du gouvernement du Canada |h[ressource électronique] |
| 250 | |a[Édition de 2002]. |
| 260 | |aOttawa - Ontario : |bSecrétariat du Conseil du Trésor du Canada |c2002. |
| 300 | |a52 p. |
| 590 | |a14-10-Supp|b2014-05-08 |
| 691 | 07|aCommunications|2gcpds |
| 691 | 07|aGouvernement fédéral|2gcpds |
| 691 | 07|aPolitique gouvernementale|2gcpds |
| 775 | 08|tCommunications policy of the Government of Canada |w(CaOODSP)9.699298 |
| 776 | 0#|tCommunications policy of the Government of Canada |w(CaOODSP)9.663607 |
| 776 | 0#|tPolitique de communication du gouvernement du Canada |w(CaOODSP)9.663608 |
| 794 | |tPolitique de communication du gouvernement du Canada.|b[Édition de 2006]|w(CaOODSP)9.940694 |
| 856 | 40|qPDF|s627 Ko|uhttps://publications.gc.ca/collections/collection_2014/sct-tbs/BT22-80-2002-fra.pdf |